ბათუმის შოთა რუსთაველის სახელმწიფო უნივერსიტეტის ბიბლიოთეკა

კოლხეთის დაბლობის რელიქტური კოლხური ტოფნარი ტყეები-ბიომრავალფეროვნება, კონსერვაცია, ჰაბიტატების აღდგენის შესაძლებლობები / (ბიბ.ჩანაწერი № 57838)

000 -ლიდერი
ფიქსირებული სიგრძის საკონტროლო ველი 01689nam a22002297a 4500
003 - საკონტროლო ნომრის იდენტიფიკატორი
საკონტროლო ველი Ge_BSU
005 - ბოლო ოპერაციის თარიღი და დრო
საკონტროლო ველი 20221221134300.0
008 - ფიქსირებული სიგრძის მონაცემთა ელემენტები - ზოგადი ინფორმაცია
ფიქსირებული სიგრძის საკონტროლო ველი 210309s2021ge xxu||||| |||| 00| 0 geo d
041 ## - ენის კოდი
Language code of text/sound track or separate title geo
080 ## - უნივერსალური ათობითი კლასიფიკაციის ინდექსი
Universal Decimal Classification number 581 ც-63
100 ## - მთავარი ჩანაწერი - პიროვნების სახელი
Personal name ცინარიძე,მერაბ
9 (RLIN) 10397
245 ## - ცნობა სათაურის შესახებ
Title კოლხეთის დაბლობის რელიქტური კოლხური ტოფნარი ტყეები-ბიომრავალფეროვნება, კონსერვაცია, ჰაბიტატების აღდგენის შესაძლებლობები /
Statement of responsibility, etc მერაბ ცინარიძე, სამეცნიერო ხელმძღ : იზოლდა მაჭუტაძე , დავით ბარათაშვილი.
264 ## - წარმოების, გამოცემის, დისტრიბუციის და სხვა ცნობები
გამოცემის, წარმოების, დისტრიბუციის... ადგილი ბათუმი,
გამოცემის, წარმოების, დისტრიბუციის... თარიღი 2021.
300 ## - ფიზიკური აღწერა
Extent 97 გვ.:
Dimensions 30სმ.
504 ## - BIBLIOGRAPHY, ETC. NOTE
Bibliography, etc ბიბლიოგრ.გვ: 91-97
653 ## - INDEX TERM--UNCONTROLLED
Uncontrolled term ბიოლიოგია
653 ## - INDEX TERM--UNCONTROLLED
Uncontrolled term დისერტაცია
700 ## - ADDED ENTRY--PERSONAL NAME
Personal name მაჭუტაძე,ი
Relator term სამეცნიერო ხელმძღვანელი
9 (RLIN) 10398
700 ## - ADDED ENTRY--PERSONAL NAME
Personal name ბარათაშვილი, დ
Relator term სამეცნიერო ხელმძღვანელი
9 (RLIN) 10399
710 ## - ADDED ENTRY--CORPORATE NAME
Corporate name or jurisdiction name as entry element ბათუმის შოთა რუსთაველის სახელმწიფო უნივერსიტეტი საბუნებისმეტყველო მეცნიერებათა და ჯანდაცვის ფაკულტეტი ბიოლოგიის დეპარტამენტი
9 (RLIN) 10400
942 ## - ADDED ENTRY ELEMENTS (KOHA)
Source of classification or shelving scheme
Koha item type დისერტაცია
ეგზემპლარები
ჩამოწერის სტატუსი დაკარგული ეგზემპლარის სტატუსი კლასიფიკაციის წყარო ან თაროზე გაწყობის სქემა დაზიანების სტატუსი არ გაიცემა მუდმივი მდებარეობა (დაცვის ადგილი) ამჟამინდელი ადგილსამყოფელი თაროზე განთავსების ადგილი შეძენის თარიღი სრული შენახვის შიფრი შტრიხკოდი ბოლო ოპერაციის თარიღი ეგზემპლარის მიმდევრობითი ნომერი (კეტერი?) ფასის ძალაში შესვლის თარიღი ეგზემპლარის სახეობა
          ბათუმის შოთა რუსთაველის სახელმწიფო უნივერსიტეტის მთავარი ბიბლიოთეკა ბათუმის შოთა რუსთაველის სახელმწიფო უნივერსიტეტის მთავარი ბიბლიოთეკა წიგნსაცავი 2021-03-09 581 ც-63 351- დისერტაცია 2021-03-09 351- დისერტაცია 2021-03-09 დისერტაცია